| 000 | 00622nam a2200181 u 4500 | ||
|---|---|---|---|
| 001 | 000795554 | ||
| 003 | AM-YeHGA | ||
| 005 | 20250617144216.0 | ||
| 008 | 110315s1972 ru r 000 0 rus d | ||
| 040 | _aAM-YeHGA | ||
| 041 | 0 | _arus | |
| 245 | 0 | 0 |
_aГомель : _bИсторико-экономический очерк / _cРедкол. : М.Ф. Бородич и др. |
| 260 |
_aМинск : _bНаука и техника, _c1972. |
||
| 300 |
_a227 с. : _bил. |
||
| 653 | 0 | _aГорода Белоруссии - Гомель - История | |
| 700 | 1 |
_aБородич, М.Ф. _eред. _4edt |
|
| 090 | _c291661 | ||
| 999 |
_c289986 _d289986 |
||